[Event "Euro Online U2300 Day 1"]
[Site "chess.com INT"]
[Date "2020.05.25"]
[Round "1"]
[White "Mkrtchyan, Mariam"]
[Black "Barak, David"]
[Result "1-0"]
[WhiteTitle "WFM"]
[WhiteElo "2071"]
[BlackElo "2116"]
[WhiteFideId "13310828"]
[BlackFideId "387347"]
[EventDate "2020.05.25"]

1. d4 Nf6 2. Nf3 c5 3. c4 cxd4 4. Nxd4 e5 5. Nb3 d5 6. cxd5 Bf5 7. Nc3 Bb4 8.
Bd2 a5 9. a3 Be7 10. g3 O-O 11. Bg2 a4 12. Nc1 e4 13. Bg5 Qb6 14. Bxf6 Bxf6 15.
Qd2 Re8 16. e3 Nd7 17. O-O Nc5 18. Qc2 Rec8 19. N1e2 Nd3 20. Rab1 Be5 21. Qd2
Qg6 22. Rfd1 h5 23. Nxe4 Nxf2 24. Kxf2 Bxe4 25. Bxe4 Qxe4 26. Rbc1 Rxc1 27. Rxc1
Ra6 28. Rc8+ Kh7 29. Qc2 Rf6+ 30. Ke1 Qxc2 31. Rxc2 Rb6 32. Nc3 Rb3 33. Kd2 Kg6
34. Nxa4 Kf5 35. Nc5 Rb5 36. b4 b6 37. e4+ Kg4 38. Nd3 Bd4 39. Rc7 f5 40. exf5
Rxd5 41. Rf7 h4 42. gxh4 Kxh4 43. Ke2 Kh3 44. Nf4+ Kxh2 45. Nxd5 Kg3 46. f6 gxf6
47. Nxf6 Kf4 48. Nd7+ Ke4 49. Kd2 Kd5 50. Kc2 Ke6 51. Rh7 Kd6 52. Nxb6 Bxb6 53.
Rh6+ Kc7 54. Rxb6 Kxb6 55. Kb3 Kb5 56. a4+ Kb6 57. Kc4 Kc6 58. b5+ Kb6 59. Kb4
Kb7 60. a5 Kc7 61. Kc5 Kb7 62. b6 Kb8 63. Kc6 Kc8 64. a6 Kb8 65. b7 Ka7 66. Kc7
Kxa6 67. b8=Q Ka5 68. Kc6 Ka4 69. Kc5 Ka3 70. Kc4 Ka2 71. Kc3 Ka1 72. Qb2# 1-0

[Event "Euro Online U2300 Day 1"]
[Site "chess.com INT"]
[Date "2020.05.25"]
[Round "1"]
[White "Ptacnikova, Lenka"]
[Black "Ponce Cano, Adrian"]
[Result "0-1"]
[WhiteTitle "WGM"]
[BlackTitle "FM"]
[WhiteElo "2111"]
[BlackElo "2169"]
[WhiteFideId "305650"]
[BlackFideId "22296913"]
[EventDate "2020.05.25"]

1. c4 e6 2. Nf3 d5 3. b3 c5 4. cxd5 exd5 5. d4 Nc6 6. Bb2 Nf6 7. e3 Be7 8. dxc5
Bxc5 9. Be2 O-O 10. O-O h6 11. Nd4 Re8 12. Nxc6 bxc6 13. Qc2 Qe7 14. Bf3 Bb7 15.
Nc3 Rad8 16. Na4 Bd6 17. Rac1 Ne4 18. Bd4 Ng5 19. Be2 a5 20. Bd3 Ne6 21. Bb6 Ra8
22. Nc5 Nxc5 23. Bxc5 a4 24. b4 a3 25. Bxd6 Qxd6 26. Qc5 Qf6 27. Rc3 Reb8 28.
Rb1 Ba6 29. Bxa6 Rxa6 30. h3 Rb5 31. Qd4 Qd6 32. Rbb3 Ra4 33. Rxa3 Raxb4 34.
Ra8+ Kh7 35. Qd3+ g6 36. g3 c5 37. Rca3 Rb8 38. R3a6 Qd7 39. Kg2 Rxa8 40. Rxa8
d4 41. exd4 Rxd4 42. Qf3 Rd3 43. Qe4 c4 44. Qe8 Qxe8 45. Rxe8 Ra3 46. Rc8 c3 47.
Kf1 Kg7 48. Rc6 h5 49. h4 Kf8 50. Rc7 Ke8 51. Ke1 f6 52. Rc6 Ke7 53. Kf1 Kd7 54.
Rc4 Ke6 55. Ke2 Rxa2+ 56. Ke3 c2 57. Kd2 c1=Q+ 58. Kxc1 Rxf2 59. g4 hxg4 60.
Rxg4 Kf5 61. Rg3 Rf4 62. h5 gxh5 63. Kd2 Re4 64. Kd3 Re5 65. Rg1 h4 66. Rf1+ Kg5
67. Rg1+ Kf4 68. Rf1+ Kg3 69. Rxf6 h3 70. Rg6+ Kh4 71. Rg8 h2 0-1

[Event "Euro Online U2300 Day 1"]
[Site "chess.com INT"]
[Date "2020.05.25"]
[Round "1"]
[White "Jafarli, Babak"]
[Black "Trickov, Vasil"]
[Result "1/2-1/2"]
[BlackTitle "IM"]
[WhiteElo "2020"]
[BlackElo "2319"]
[WhiteFideId "13406019"]
[BlackFideId "311103"]
[EventDate "2020.05.25"]

1. e4 c5 2. Nf3 d6 3. Bb5+ Nd7 4. O-O a6 5. Bxd7+ Bxd7 6. c3 Nf6 7. e5 dxe5 8.
Nxe5 e6 9. d4 cxd4 10. cxd4 Be7 11. Nc3 O-O 12. Qf3 Bc8 13. Rd1 Nd5 14. Qg3 Bf6
15. Ne4 Kh8 16. Bg5 h6 17. Nxf6 Nxf6 18. Qh4 Kg8 19. Bxf6 Qxf6 20. Qxf6 gxf6 21.
Ng4 Kg7 22. Rd3 h5 23. Ne3 Bd7 24. d5 Rfd8 25. Rad1 Bb5 26. Rd4 Rac8 27. a4 Be8
28. d6 Bc6 29. f3 f5 30. Nc4 Bd5 31. Nb6 Rc6 32. Nxd5 Rcxd6 33. Rb4 R8d7 34. Kf2
Rxd5 35. Rxd5 exd5 36. Ke3 Kf6 37. Rb6+ Ke7 38. Kd4 h4 39. b3 f6 40. Kd3 Kf7 41.
Rb4 h3 42. gxh3 Ke6 43. Ke3 Rh7 44. h4 Kd6 45. Rf4 Ke5 46. Rd4 Kd6 47. Rb4 Kc5
48. Rf4 Re7+ 49. Kd3 Rh7 50. b4+ Kd6 51. Kd4 Ke6 52. Ke3 Rc7 53. h5 Ke5 54. Rh4
d4+ 55. Rxd4 Rc3+ 56. Rd3 Rc4 57. Rb3 Rh4 58. b5 a5 59. b6 Rxa4 60. f4+ Ke6 61.
h6 Kf7 62. Rc3 Kg6 63. Rc7 Kxh6 64. Rxb7 Rb4 65. Rb8 a4 66. b7 Kg7 67. Kf3 a3
68. Ra8 Rb3+ 69. Kg2 Rxb7 70. Rxa3 Kg6 71. Kg3 Kh5 72. Rd3 Ra7 73. Rc3 Rb7 74.
Rd3 Ra7 75. Re3 Rb7 76. Rd3 1/2-1/2

[Event "Euro Online U2300 Day 1"]
[Site "chess.com INT"]
[Date "2020.05.25"]
[Round "1"]
[White "Gorodetzky, Matan"]
[Black "Selbes, Tarik"]
[Result "0-1"]
[WhiteTitle "FM"]
[BlackTitle "FM"]
[WhiteElo "2284"]
[BlackElo "2235"]
[WhiteFideId "2813394"]
[BlackFideId "6302513"]
[EventDate "2020.05.25"]

1. e4 e5 2. Nf3 Nc6 3. Bc4 Nf6 4. d3 Be7 5. O-O O-O 6. Re1 d6 7. a3 Be6 8. Nc3
Re8 9. h3 h6 10. Be3 Bf8 11. Bb5 a6 12. Bxc6 bxc6 13. d4 exd4 14. Nxd4 Bd7 15.
Qd3 c5 16. Nf3 Bc6 17. Nd2 g6 18. Nd5 Nxd5 19. exd5 Bb5 20. c4 Bd7 21. b4 cxb4
22. axb4 Bg7 23. Ra2 Bf5 24. Qb3 g5 25. Nf1 Bg6 26. Rae2 f5 27. Bd2 Rxe2 28.
Rxe2 Qf6 29. Re6 Qf7 30. c5 Rd8 31. c6 f4 32. Nh2 Bf5 33. Re1 Re8 34. Nf3 Rxe1+
35. Bxe1 Be4 36. Qc4 Qxd5 37. Qxa6 Qxc6 38. Qc8+ Kh7 39. Qe6 Qd5 40. Qe7 Qc4 41.
Nd2 Qxb4 42. Qxe4+ Qxe4 43. Nxe4 Be5 44. f3 Kg6 45. Bf2 Kf5 46. Kf1 c5 47. Ke2
c4 48. Be1 d5 49. Nf2 h5 50. Bb4 Bf6 51. Kd2 Bd4 52. Nd1 g4 53. hxg4+ hxg4 54.
Nc3 Be3+ 55. Ke2 d4 56. Ne4 gxf3+ 57. Kxf3 Ke5 58. Bd2 Bxd2 59. Nxd2 c3 60. Nb3
d3 61. Kf2 Ke4 62. Ke1 Ke3 63. Kd1 d2 64. Kc2 Ke2 65. Nd4+ Ke1 66. Nf3+ Kf2 67.
Nh4 Ke2 0-1

[Event "Euro Online U2300 Day 1"]
[Site "chess.com INT"]
[Date "2020.05.25"]
[Round "1"]
[White "Rjabzev, Konstantin"]
[Black "Baskin, Robert"]
[Result "0-1"]
[WhiteTitle "IM"]
[BlackTitle "IM"]
[WhiteElo "2258"]
[BlackElo "2390"]
[WhiteFideId "4150015"]
[BlackFideId "24662402"]
[EventDate "2020.05.25"]

1. e4 c5 2. Nf3 Nc6 3. Bb5 g6 4. O-O Bg7 5. Bxc6 bxc6 6. Re1 Qc7 7. d3 d6 8. Nc3
e5 9. h3 Ne7 10. Bd2 O-O 11. Qc1 f5 12. Bh6 fxe4 13. Bxg7 Kxg7 14. Rxe4 Nf5 15.
Nh2 d5 16. Re1 Nd4 17. Nd1 Bd7 18. c3 Nb5 19. Qg5 Rae8 20. a4 Nd6 21. Ne3 Nf5
22. Nhg4 Nxe3 23. Rxe3 Bxg4 24. hxg4 h6 25. Qh4 g5 26. Qg3 Rf4 27. Rae1 Qb8 28.
f3 Qxb2 29. Rxe5 Rxe5 30. Rxe5 Qxc3 31. Re7+ Kf6 32. Rc7 Qxd3 33. Qh3 Ke5 34.
Qxh6 Qe3+ 35. Kh2 Kd4 36. Qxg5 Qe5 37. Qxe5+ Kxe5 38. Kg3 Rf6 39. g5 Rd6 40. Kg4
c4 41. f4+ Kd4 42. Rh7 c3 43. f5 c2 44. Rh1 Kc3 45. f6 d4 46. f7 Rd8 47. g6 d3
48. g7 d2 49. Rh3+ Kb2 50. f8=Q d1=Q+ 51. Rf3 Rxf8 52. gxf8=Q c1=Q 53. Qa3+ Kb1
54. Qb4+ Qb2 55. Qe4+ Ka1 56. Kg3 Qd6+ 57. Qf4 Qxf4+ 58. Kxf4 Qb4+ 59. Ke3 c5
60. Rf1+ Kb2 61. Rf2+ Ka3 62. Rf4 Qe1+ 63. Kd3 Qg3+ 64. Rf3 Qxg2 65. Re3 Kxa4
66. Kc3 Kb5 67. Rd3 Qe4 68. Rd2 Qd4+ 69. Rxd4 cxd4+ 70. Kxd4 Kb4 71. Kd3 Kb3 72.
Kd2 Kb2 73. Kd3 a5 74. Kc4 a4 75. Kb4 a3 0-1

[Event "Euro Online U2300 Day 1"]
[Site "chess.com INT"]
[Date "2020.05.25"]
[Round "1"]
[White "Willow, Jonah B"]
[Black "Nilssen, Ellen Fredericia"]
[Result "1-0"]
[WhiteTitle "FM"]
[BlackTitle "WFM"]
[WhiteElo "2386"]
[BlackElo "2071"]
[WhiteFideId "438804"]
[BlackFideId "1441230"]
[EventDate "2020.05.25"]

1. e4 e6 2. d4 d5 3. Nd2 c5 4. Ngf3 Nc6 5. exd5 exd5 6. Bb5 cxd4 7. O-O Bd6 8.
Nxd4 Ne7 9. N2f3 O-O 10. c3 Bg4 11. h3 Nxd4 12. cxd4 Bxf3 13. Qxf3 Qb6 14. Qd3
Nc6 15. Be3 Rac8 16. a3 Na5 17. b4 Nc4 18. Bxc4 Rxc4 19. Qf5 Qc6 20. h4 Rc8 21.
h5 Bf8 22. g3 h6 23. Kg2 Qe6 24. Qf3 Be7 25. Rfe1 Qd7 26. Rac1 Rc3 27. Qe2 Bg5
28. Bxg5 hxg5 29. Rxc3 Rxc3 30. Qe8+ Qxe8 31. Rxe8+ Kh7 32. Re7 Rxa3 33. Rxf7 b6
34. Rf5 Rb3 35. Rxg5 Rxb4 36. Rxd5 a5 37. Rd8 a4 38. d5 b5 39. Rb8 a3 40. d6 a2
41. d7 Rd4 42. Ra8 Rxd7 43. Rxa2 Rb7 44. Rb2 Kh6 45. g4 b4 46. Rb3 Kg5 47. Kg3
Kf6 48. Kf4 Rb5 49. f3 g6 50. hxg6 Kxg6 51. Kg3 Kf6 52. Kf4 Kg6 53. Ke4 Kf6 54.
f4 Kg6 55. Kd4 Rb7 56. Kc4 Rf7 57. Rf3 Rb7 58. Kb3 Kf6 59. Rf2 Kg6 60. Re2 Kf6
61. Re4 Kg6 62. Rxb4 Re7 63. Kc3 Re3+ 64. Kd4 Rg3 65. Rb6+ Kf7 66. g5 Rg4 67.
Ke5 Rg1 68. Kf5 Rc1 69. Rb7+ Kg8 70. g6 Rc5+ 71. Kf6 Rc6+ 72. Kg5 Rc5+ 73. f5
Rc1 74. Ra7 Rg1+ 75. Kf6 1-0

[Event "Euro Online U2300 Day 1"]
[Site "chess.com INT"]
[Date "2020.05.25"]
[Round "1"]
[White "Frenkel, Ran"]
[Black "Petrovic, Aleksa"]
[Result "1-0"]
[WhiteElo "2245"]
[BlackElo "2072"]
[WhiteFideId "2815974"]
[BlackFideId "967629"]
[EventDate "2020.05.25"]

1. d4 Nf6 2. Bg5 d6 3. Nc3 Nbd7 4. e4 e5 5. Nf3 Be7 6. Bc4 O-O 7. O-O c6 8. Re1
Qc7 9. a4 Rd8 10. h3 Nf8 11. Qe2 h6 12. Bh4 Ng6 13. Bg3 Nh5 14. Bh2 Nhf4 15. Qe3
Bf6 16. dxe5 dxe5 17. Ne2 b6 18. c3 a6 19. Nxf4 exf4 20. Qe2 Re8 21. Qc2 Bb7 22.
Rad1 b5 23. Bb3 Ne5 24. Nxe5 Bxe5 25. f3 Rad8 26. Kh1 c5 27. Bd5 Bxd5 28. exd5
Rd7 29. axb5 axb5 30. Bxf4 Qb8 31. Bxe5 Rxe5 32. Rxe5 Qxe5 33. Qd2 c4 34. d6 f6
35. Qd5+ Qxd5 36. Rxd5 Kf7 37. Rxb5 Rxd6 38. Rc5 Rb6 39. Rxc4 Rxb2 40. Rc7+ Kg6
41. Kh2 h5 42. h4 f5 43. Rc6+ Kf7 44. Kg3 g6 45. c4 Rc2 46. Kh3 Rc3 47. Kg3 Rc2
48. Rc7+ Kf6 49. c5 Ke5 50. Rc6 f4+ 51. Kh3 Rc1 52. Kh2 Kf5 53. Rc8 Kf6 54. Rc6+
Kg7 55. Rc7+ Kg8 56. c6 Rc2 57. Kh3 Rc1 58. g3 fxg3 59. Kxg3 Rc4 60. f4 Rc3+ 61.
Kf2 Kh8 62. Ke2 Kg8 63. Kd2 Rc5 64. Kd3 Kf8 65. Kd4 Rc1 66. Ke5 Ke8 67. Kf6 Kd8
68. Rd7+ Ke8 69. Rd6 Kf8 70. Rd8# 1-0

[Event "Euro Online U2300 Day 1"]
[Site "chess.com INT"]
[Date "2020.05.25"]
[Round "1"]
[White "Berkovich, Mark A"]
[Black "Khachatryan, Anna"]
[Result "1/2-1/2"]
[WhiteTitle "IM"]
[BlackTitle "WFM"]
[WhiteElo "2326"]
[BlackElo "2071"]
[WhiteFideId "2801639"]
[BlackFideId "13310780"]
[EventDate "2020.05.25"]

1. Nf3 c5 2. c4 Nf6 3. Nc3 Nc6 4. g3 d5 5. cxd5 Nxd5 6. Bg2 Nc7 7. O-O e5 8. d3
Be7 9. Nd2 Bd7 10. Nc4 O-O 11. Bxc6 Bxc6 12. Nxe5 Be8 13. Be3 Nd5 14. Qd2 Nxe3
15. Qxe3 f6 16. Nf3 Bc6 17. Rac1 Rc8 18. Rfd1 Re8 19. Ne4 b6 20. d4 Qd5 21. Nc3
cxd4 22. Qxd4 Qh5 23. Rd3 Bc5 24. Qc4+ Kh8 25. Qh4 Qf7 26. Rcd1 b5 27. Nd4 b4
28. Nxc6 bxc3 29. Rxc3 Rxc6 30. e3 Rec8 31. a3 Bf8 32. Rxc6 Rxc6 33. Qe4 Rc8 34.
h4 f5 35. Qd5 Qxd5 36. Rxd5 g6 37. b4 Rc3 38. Ra5 Rc7 39. Ra6 Kg7 40. Kg2 Kf7
41. Kf3 Bg7 42. Ra5 Rd7 43. Ra6 Bf6 44. Ra5 Bd8 45. Rb5 Bb6 46. a4 Bd8 47. Rb8
Be7 48. a5 Bd6 49. Rb5 Ke6 50. e4 fxe4+ 51. Kxe4 Rc7 52. h5 Rc4+ 53. Kd3 Rxb4
54. Rg5 Kf6 55. Rd5 Ke6 56. Rg5 gxh5 57. Rxh5 Rb7 58. Ke4 Rb4+ 59. Kd3 Rb7 60.
Ke4 Rf7 61. Rh6+ Rf6 62. Rxh7 Rxf2 63. Rxa7 Bxg3 64. Ke3 Ra2 65. Kd3 Kd5 66. Rg7
Be5 67. Ra7 Kc6 68. Ke4 Bc7 69. Ra6+ Kb5 70. Rg6 Bxa5 71. Rg5+ Kc4 72. Rg4 Bc3
73. Kf5+ Bd4 74. Ke4 Re2+ 75. Kf5 Kd5 76. Kg6 Be5 77. Rg5 Ke6 78. Rg4 Rf2 79.
Rg5 Rf6+ 80. Kh5 Bf4 81. Rg6 Rxg6 1/2-1/2

[Event "Euro Online U2300 Day 1"]
[Site "chess.com INT"]
[Date "2020.05.25"]
[Round "1"]
[White "Ranaldi, Lucas"]
[Black "Injac, Teodora"]
[Result "1-0"]
[WhiteTitle "FM"]
[BlackTitle "WIM"]
[WhiteElo "2353"]
[BlackElo "2286"]
[WhiteFideId "1519484"]
[BlackFideId "932400"]
[EventDate "2020.05.25"]

1. Nf3 Nf6 2. c4 g6 3. Nc3 Bg7 4. d4 d6 5. Bg5 h6 6. Bh4 g5 7. Bg3 Nh5 8. e3 c5
9. d5 Nd7 10. Bd3 a6 11. a4 Qa5 12. Qc2 Nxg3 13. hxg3 Ne5 14. Nxe5 Bxe5 15. f4
Bf6 16. Kf2 Bd7 17. Ne4 Bg7 18. fxg5 O-O-O 19. gxh6 Bxh6 20. b3 Rdg8 21. Rh4 f5
22. Nd2 Bg7 23. Rah1 Kb8 24. Rxh8 Bxh8 25. Nf3 Rf8 26. Rh7 Qd8 27. Nh4 e6 28.
Ng6 Rg8 29. dxe6 Bxe6 30. Nf4 Bc8 31. Rh3 Qg5 32. Be2 Be5 33. Bf3 Bd7 34. Qd2
Re8 35. Qd5 Bc6 36. Qf7 Rc8 37. Bxc6 Rxc6 38. Rh7 Rb6 39. Rh5 Qg4 40. Qxf5 Qd1
41. Qd3 Qc1 42. Ne2 Qb2 43. Rf5 Rxb3 44. Qd5 Ka7 45. Rf7 Ra3 46. Kf3 Ra2 47. Qd1
Qb4 48. Rf5 Ra1 49. Qd3 Qb2 50. Ke4 Ra2 51. Rf2 Qb6 52. g4 Qc6+ 53. Qd5 Qxa4 54.
g5 Rc2 55. Rf7 Rxc4+ 56. Kf5 Rb4 57. g6 Qa1 58. Nf4 Qb1+ 59. Kg5 Bxf4+ 60. exf4
Qc1 61. g4 Qg1 62. g7 Qb1 63. g8=Q Qb2 64. Qg7 Qb1 65. Rd7 Qc1 66. Qf6 Ka8 67.
Rd8+ Ka7 68. Rxd6 Qb2 69. Qxb2 Rxb2 70. Qxc5+ 1-0

[Event "Euro Online U2300 Day 1"]
[Site "chess.com INT"]
[Date "2020.05.25"]
[Round "1"]
[White "Toczek, Grzegorz"]
[Black "Gevorgyan, Albert"]
[Result "0-1"]
[WhiteTitle "FM"]
[WhiteElo "2271"]
[BlackElo "2170"]
[WhiteFideId "1106457"]
[BlackFideId "13309951"]
[EventDate "2020.05.25"]

1. e4 e5 2. Nf3 Nc6 3. Nc3 Nf6 4. d4 exd4 5. Nxd4 Bb4 6. Nxc6 bxc6 7. Bd3 d5 8.
exd5 O-O 9. O-O cxd5 10. h3 h6 11. Qf3 c6 12. Bf4 Bd6 13. Rfe1 Rb8 14. b3 Rb4
15. Bxd6 Qxd6 16. Na4 Bd7 17. Qe3 d4 18. Qe5 Qxe5 19. Rxe5 Be6 20. Ra5 Ra8 21.
Nc5 Bd5 22. Re1 Kf8 23. a3 Rbb8 24. Ba6 Re8 25. Rd1 Rad8 26. Rxd4 Re1+ 27. Kh2
Rde8 28. c3 Rc1 29. c4 Be6 30. Bb7 Rc2 31. Bxc6 Rc8 32. Bb7 Rc7 33. f3 Ke7 34.
Nxe6 Rxb7 35. Nc5 Rc7 36. b4 g5 37. h4 Nh5 38. hxg5 hxg5 39. Nd3 f6 40. c5 Ke6
41. Ra6+ Kf5 42. Rd5+ Kg6 43. Ne5+ Kg7 44. Nd3 Kg6 45. Kh3 Rh7 46. Ne5+ Kf5 47.
Ng4+ Kg6 48. Ne5+ Kf5 49. Nd7+ Kf4 50. Rd4+ Ke3 51. Re4+ Kf2 52. Kg4 Nf4 53. Kf5
Nxg2 54. Nxf6 Kxf3 55. Rd4 Rf7 56. Kxg5 Ne3 57. Re6 Rg2+ 58. Kh6 Rf8 59. Rd3
Rh8+ 60. Nh7 Rh2+ 61. Kg6 Rg2+ 62. Kf6 Kf4 63. Rexe3 Rxh7 64. Rg3 Rxg3 65. Rd4+
Kf3 66. Ke5 Rg5+ 67. Kd6 Rh6+ 68. Kc7 Rg7+ 69. Rd7 Rhh7 70. Rxg7 Rxg7+ 71. Kd6
Ke4 72. c6 Rg6+ 73. Kd7 Kd5 74. c7 Rg7+ 75. Kd8 Kd6 76. c8=Q Rg8# 0-1

[Event "Euro Online U2300 Day 1"]
[Site "chess.com INT"]
[Date "2020.05.25"]
[Round "1"]
[White "Eren, Ataberk"]
[Black "Timoshin, Andrei"]
[Result "0-1"]
[WhiteTitle "FM"]
[WhiteElo "2321"]
[BlackElo "2132"]
[WhiteFideId "6349765"]
[BlackFideId "4503503"]
[EventDate "2020.05.25"]

1. d4 d5 2. Bf4 Nf6 3. e3 e6 4. Nf3 c5 5. Nbd2 Bd6 6. Bg3 Qc7 7. Bxd6 Qxd6 8.
dxc5 Qxc5 9. c4 O-O 10. cxd5 exd5 11. Nb3 Qb4+ 12. Qd2 Nc6 13. Qxb4 Nxb4 14.
Nbd4 Bg4 15. a3 Nc6 16. Bb5 Bxf3 17. Nxf3 Rac8 18. O-O a6 19. Bxc6 bxc6 20. Rac1
c5 21. Rfd1 Rfd8 22. Kf1 Kf8 23. Rc2 Ke7 24. Rdc1 Nd7 25. Ke2 f6 26. Nd2 Rb8 27.
Nb1 d4 28. exd4 cxd4 29. Rd1 Ne5 30. Rc7+ Kd6 31. Rxg7 Rxb2+ 32. Nd2 Re8 33. Kf1
Kd5 34. f4 Nc6 35. Rd7+ Ke6 36. Rc7 Kd6 37. Rxh7 Rc2 38. Rh6 Rf8 39. Nf3 Kd5 40.
Rh7 Rd8 41. Rf7 Rd6 42. h4 Ke6 43. Rc7 Kf5 44. h5 Kxf4 45. h6 Ke3 46. Re1+ Kd3
47. h7 Rd8 48. Rd7 Rh8 49. Kg1 Kc3 50. Rc7 Kb2 51. Rb7+ Kc3 52. Re6 Na5 53. Rc7+
Kb2 54. Rxc2+ Kxc2 55. Re7 d3 56. Rc7+ Kd1 57. Kf2 Nb3 58. Rc3 Nc1 59. Rc7 d2
60. Nh4 Nd3+ 61. Kf1 Nf4 62. g3 Nd5 63. Rd7 Ne3+ 64. Kf2 Kc1 65. Rc7+ Nc2 66.
Ng6 Rxh7 67. Rxh7 d1=Q 68. Nf4 Qd2+ 69. Kf3 Qe3+ 70. Kg4 Qd4 71. Rh1+ Kb2 72.
Rh2 Kb3 73. Rh7 Ne3+ 74. Kf3 Nc4 75. Rb7+ Kxa3 76. Rf7 Ne5+ 0-1

[Event "Euro Online U2300 Day 1"]
[Site "chess.com INT"]
[Date "2020.05.25"]
[Round "1"]
[White "Suleymanli, Aydin"]
[Black "Dorokhin, Mykhailo"]
[Result "1-0"]
[WhiteTitle "IM"]
[WhiteElo "2512"]
[BlackElo "2299"]
[WhiteFideId "13413937"]
[BlackFideId "14114178"]
[EventDate "2020.05.25"]

1. d4 d5 2. Nf3 Nf6 3. Bf4 e6 4. e3 Bd6 5. Bg3 c5 6. c3 O-O 7. Nbd2 b6 8. Bd3
Ba6 9. Qe2 Bxd3 10. Qxd3 Nc6 11. e4 c4 12. Qc2 dxe4 13. Nxe4 Nxe4 14. Qxe4 Ne7
15. Bh4 Qc7 16. Bxe7 Bxe7 17. h4 Qd7 18. Ng5 g6 19. f4 Qd5 20. Qe2 Qf5 21. g3 b5
22. Ne4 h5 23. a3 Kg7 24. O-O Qd5 25. Rfe1 Rfc8 26. Nd2 Bd6 27. Ne4 Be7 28. Qf2
a5 29. Ng5 b4 30. Re5 Qb7 31. a4 bxc3 32. bxc3 Qb3 33. Ne4 Rcb8 34. d5 exd5 35.
Rxd5 Qb6 36. f5 Qxf2+ 37. Kxf2 Rd8 38. Rad1 gxf5 39. Rxd8 Rxd8 40. Rxd8 Bxd8 41.
Nd6 Bf6 42. Nxf5+ Kg6 43. Nd6 Bxc3 44. Kf3 Bb4 45. Nxc4 Kf5 46. Ne3+ Ke5 47. Ng2
Bd2 48. Ke2 Bh6 49. Kf3 Kd4 50. Nf4 Kc4 51. Nxh5 Kb4 52. g4 Kxa4 53. g5 Bf8 54.
Nf6 Bg7 55. h5 Kb3 56. h6 Bh8 57. Ne4 Kc2 58. Nd6 a4 59. Nxf7 Bc3 60. g6 a3 61.
g7 Bxg7 62. hxg7 a2 63. g8=Q a1=Q 64. Qg6+ Kb2 65. Ne5 Qd1+ 66. Ke3 Qe1+ 67. Kd4
Qf2+ 68. Ke4 Qe2+ 69. Kf4 Qd2+ 70. Ke4 Qe2+ 71. Kd4 Qf2+ 72. Kd5 Qf1 73. Nc4+
Kc3 74. Qg7+ 1-0

[Event "Euro Online U2300 Day 1"]
[Site "chess.com INT"]
[Date "2020.05.25"]
[Round "1"]
[White "Volovich, Vasily"]
[Black "Svitojus, Zygimantas"]
[Result "1-0"]
[WhiteTitle "FM"]
[WhiteElo "2177"]
[BlackElo "2033"]
[WhiteFideId "34169676"]
[BlackFideId "12805777"]
[EventDate "2020.05.25"]

1. e4 c5 2. Nf3 e6 3. c3 d5 4. exd5 Qxd5 5. d4 Nf6 6. Na3 Qd8 7. Nc4 Be7 8. Be3
Na6 9. Be2 O-O 10. O-O Nd5 11. Qb3 cxd4 12. Bxd4 Nf4 13. Rfe1 Nc5 14. Qc2 f6 15.
Bf1 e5 16. Be3 Nd5 17. Rad1 Nxe3 18. Nxe3 Qe8 19. Nd5 Bd8 20. b4 Na4 21. Bd3 g6
22. Bc4 Kg7 23. Bb3 Nb6 24. Ne3 a5 25. h3 Be6 26. a3 Qf7 27. Bxe6 Qxe6 28. Rd2
axb4 29. axb4 Nc4 30. Qb3 b5 31. Nxc4 bxc4 32. Qc2 Bb6 33. Red1 Rfd8 34. Rxd8
Rxd8 35. Rxd8 Bxd8 36. Qe4 Bb6 37. Qb7+ Kh6 38. Qe4 Kg7 39. Nd2 f5 40. Qxc4 Qd6
41. Qe2 e4 42. Nc4 Qd3 43. Qxd3 exd3 44. Kf1 Ba7 45. Nb2 d2 46. f3 Kf6 47. Ke2
Ke5 48. Kxd2 Kf4 49. Ke2 Kg3 50. Kf1 Kf4 51. Nd1 Bb8 52. Ke2 Kg3 53. Kf1 Kf4 54.
c4 Ke5 55. Ke2 Kd4 56. c5 Kc4 57. c6 Kxb4 58. Nb2 Kc5 59. Ke3 Kxc6 60. Nd3 Kd5
61. Nf4+ Ke5 62. Nd3+ Kd5 63. Nb4+ Ke6 64. Nc6 Bc7 65. Nd4+ Ke5 66. Nb5 Bb6+ 67.
Ke2 Kf4 68. Nc3 Kg3 69. Kf1 g5 70. Nd5 Bd4 71. Ne7 Kf4 72. Ke2 Bf6 73. Nd5+ Ke5
74. Ne3 h6 75. g4 1-0

[Event "Euro Online U2300 Day 1"]
[Site "chess.com INT"]
[Date "2020.05.25"]
[Round "1"]
[White "Theuretzbacher, Klaus"]
[Black "Baghirov, Javanshir"]
[Result "1/2-1/2"]
[WhiteElo "2177"]
[BlackElo "1969"]
[WhiteFideId "1601571"]
[BlackFideId "13404318"]
[EventDate "2020.05.25"]

1. Nf3 Nf6 2. c4 e6 3. b3 d5 4. Bb2 c5 5. e3 Nc6 6. d3 Be7 7. Be2 O-O 8. a3 b6
9. Nbd2 Bb7 10. O-O Rc8 11. cxd5 Nxd5 12. Qc2 a5 13. Rac1 Bf6 14. Rfd1 e5 15.
Qb1 Re8 16. Qa1 Ba6 17. Bf1 Qe7 18. Ne4 Rcd8 19. Nxf6+ Nxf6 20. Nxe5 Nxe5 21.
Bxe5 Qxe5 22. Qxe5 Rxe5 23. d4 Red5 24. Bxa6 cxd4 25. exd4 Kf8 26. Kf1 Rxd4 27.
Rxd4 Rxd4 28. Rc7 Nd7 29. Bb5 Ke7 30. Ke2 Ke6 31. Rc6+ Rd6 32. Bc4+ Ke7 33. Rxd6
Kxd6 34. Bxf7 Ne5 35. Bg8 h6 36. f4 Ng4 37. h3 Nf6 38. Bf7 Kc5 39. Kd3 b5 40. g4
b4 41. axb4+ axb4 42. g5 hxg5 43. fxg5 Nd7 44. Ke4 Kd6 45. Kf5 Ke7 46. Bg8 Nc5
47. h4 Kf8 48. Bc4 Ke7 49. Kg6 Kf8 50. h5 Nd7 51. Kf5 Ke7 52. h6 gxh6 53. gxh6
Nf8 54. Ke5 Kd7 55. Kd5 Ng6 56. Bd3 Nh8 57. Kc5 Ke7 58. Kxb4 Kf6 59. Kc5 Nf7 60.
h7 Kg7 61. b4 Nd8 62. b5 Ne6+ 63. Kd6 Nd8 64. b6 Nb7+ 65. Kc7 Nc5 66. Bb1 Ne6+
67. Kc6 Nd8+ 68. Kd7 Nb7 69. Be4 Nc5+ 70. Kc6 Ne6 71. Kb7 Kh8 72. Kc8 Nc5 73.
Bc2 Kg7 74. Kc7 Kh8 75. Kd6 Nb7+ 76. Kc6 Nd8+ 77. Kc7 Ne6+ 78. Kd6 Nd8 79. Ke7
Nb7 80. Kf8 Nc5 81. Be4 Nd7+ 82. Kf7 Nxb6 83. Kf6 Nd7+ 84. Ke7 Ne5 85. Bd5 Ng6+
86. Kf6 Nf4 87. Be4 Nh5+ 88. Ke5 Ng7 89. Kd4 Ne8 90. Ke3 Nf6 91. Kd4 Nd7 92. Ke3
Nf8 93. Kd4 Ne6+ 94. Ke3 Ng5 95. Kd4 Nf7 96. Ke3 Nd8 97. Kd4 Nf7 98. Ke3 Nh6 99.
Kd4 Nf7 1/2-1/2

[Event "Euro Online U2300 Day 1"]
[Site "chess.com INT"]
[Date "2020.05.25"]
[Round "1"]
[White "Green, Andrew D"]
[Black "Aliyev, Elnur"]
[Result "1-0"]
[WhiteTitle "CM"]
[WhiteElo "2154"]
[BlackElo "2148"]
[WhiteFideId "2401762"]
[BlackFideId "13402617"]
[EventDate "2020.05.25"]

1. d4 Nf6 2. Nf3 e6 3. Bf4 b6 4. e3 Bb7 5. Nbd2 Ne4 6. Nxe4 Bxe4 7. Be2 d6 8.
O-O Be7 9. h3 O-O 10. c4 c5 11. Qd2 Nc6 12. Rfd1 Bf6 13. Rac1 Rc8 14. Bh2 cxd4
15. Nxd4 Nxd4 16. exd4 Bg5 17. Bf4 Bxf4 18. Qxf4 Bb7 19. Rc3 Kh8 20. Rg3 d5 21.
b3 dxc4 22. bxc4 Qf6 23. Qe3 Rfd8 24. Rg4 Rc7 25. Rf4 Qe7 26. Bd3 Rcd7 27. Re1
Qg5 28. Bf1 h6 29. h4 Qg6 30. a3 Kg8 31. Qe5 Rd6 32. Rd1 f6 33. Qe2 e5 34. Rg4
Qf7 35. d5 f5 36. Rg3 e4 37. f4 Qf6 38. h5 Kh8 39. Qe3 Qe7 40. Qd4 Rf6 41. Qe5
Qc5+ 42. Kh1 Qf8 43. a4 Rfd6 44. Rg6 Rxg6 45. hxg6 Qd6 46. Be2 Kg8 47. a5 Kh8
48. axb6 axb6 49. Rb1 Qxe5 50. fxe5 Re8 51. e6 f4 52. Rxb6 Ba8 53. Rd6 Kg8 54.
Rd7 Kf8 55. c5 Bxd5 56. Rxd5 Rxe6 57. Rf5+ Ke7 58. Rxf4 Rxg6 59. Rxe4+ Kd7 60.
Bf3 Rg5 61. Rd4+ Kc7 62. c6 Rc5 63. Rd7+ Kc8 64. Rxg7 h5 65. Rh7 Re5 66. Rxh5
Re1+ 67. Kh2 Kc7 68. Rh7+ Kb6 69. c7 Rc1 70. Bg4 Rxc7 71. Rxc7 Kxc7 72. Bf5 Kd6
73. Kg3 Ke5 74. Kg4 Kf6 75. Bc2 Kg7 76. Kg5 Kh8 77. g4 Kg8 78. Bd1 Kh8 79. Bf3
Kg7 80. Bh1 Kh8 81. Kh6 Kg8 82. g5 Kh8 83. g6 Kg8 84. g7 Kf7 85. Kh7 Kf6 86.
g8=Q 1-0